Barclays Bank plc v Prudential Assurance Co Ltd (Record no. 53412)

MARC details
000 -LEADER
fixed length control field 01335cab a2200229 4500
001 - CONTROL NUMBER
control field ABS58469
008 - FIXED-LENGTH DATA ELEMENTS--GENERAL INFORMATION
fixed length control field 090401t1998 xxu||||| |||| 00| 0 eng d
035 ## - SYSTEM CONTROL NUMBER
System control number (Sirsi) u84955
041 ## - LANGUAGE CODE
Language code of text/sound track or separate title eng
245 ## - TITLE STATEMENT
Title Barclays Bank plc v Prudential Assurance Co Ltd
260 ## - PUBLICATION, DISTRIBUTION, ETC.
Date of publication, distribution, etc. 1998
350 ## - PRICE (NR) (BK AM CF MU VM SE) [OBSOLETE]
Price 0
490 ## - SERIES STATEMENT
Series statement Estates Gazette Law Reports
Volume/sequential designation [1998] 10 EG 159-166(8)
520 ## - SUMMARY, ETC.
Summary, etc. ChD 9 October 1997. An application by the plaintiff mortgagee, Barclays Bank for relief from forfeiture of a lease of nightclub premises. Whether mortgagee as undertenant entitled to relief under Law of Property Act 1925 s146(4) and whether undertenant entitled to relief in respect of lease only without taking supplemental lease. Held, (1) The court did have jurisdiction under Law of Property Act 1925 s146(4) to grant relief from forfeiture to a mortgagee, as an undertenant (2) If the plaintiff were to seek relief from forfeiture, it must take the whole of the covenants contained in the supplemental lease as the terms on which it is entitled to relief from forfeiture of the original property.
650 ## - SUBJECT ADDED ENTRY--TOPICAL TERM
Topical term or geographic name entry element DISCLAIMER OF LEASE
650 ## - SUBJECT ADDED ENTRY--TOPICAL TERM
Topical term or geographic name entry element FORFEITURE OF LEASE
650 ## - SUBJECT ADDED ENTRY--TOPICAL TERM
Topical term or geographic name entry element LAW OF PROPERTY ACT 1925 S146(4)
650 ## - SUBJECT ADDED ENTRY--TOPICAL TERM
Topical term or geographic name entry element SUPPLEMENTAL LEASE
690 ## - LOCAL SUBJECT ADDED ENTRY--TOPICAL TERM (OCLC, RLIN)
Topical term or geographic name as entry element LANDLORD AND TENANT-CASE LAW-BUSINESS TENANCIES
942 ## - ADDED ENTRY ELEMENTS (KOHA)
Suppress in OPAC 0
948 ## - LOCAL PROCESSING INFORMATION (OCLC); SERIES PART DESIGNATOR (RLIN)
c (OCLC) 17/03/1998
Holdings
Withdrawn status Lost status Source of classification or shelving scheme Damaged status Not for loan Home library Current library Shelving location Date acquired Total Checkouts Full call number Barcode Date last seen Copy number Price effective from Koha item type
    Dewey Decimal Classification     London London Journal article 14/09/1999   ABS58469 84955-1001 06/08/2019 1 06/08/2019 Law report